000 00391nam a2200145Ia 4500
005 20251222152644.0
008 251222s9999||||xx |||||||||||||| ||spa||
020 _a9789972236426
082 _a410.1/M63
100 _aMiranda Esquerre, Luis
245 0 _aIntroducción a las Ciencias del Lenguaje II Lingüística del Texto
250 _a1ra.ed.
264 _bUniversitaria
942 _cLIB
999 _c28209
_d28209